Normal view
MARC view
- اللغة العربية - مبادئ
Entry Topical Term
001 - CONTROL NUMBER
- control field: 8703
003 - CONTROL NUMBER IDENTIFIER
- control field: JO-AjAnu
005 - DATE AND TIME OF LATEST TRANSACTION
- control field: 20230606071713.0
008 - FIXED-LENGTH DATA ELEMENTS
- fixed length control field: 230606|| aca||aabn | a|a d
040 ## - CATALOGING SOURCE
- Original cataloging agency: JO-AjAnu
- Transcribing agency: JO-AjAnu
150 ## - HEADING--TOPICAL TERM
- Topical term or geographic name entry element: اللغة العربية - مبادئ
670 ## - SOURCE DATA FOUND
- Source citation: Work cat.: (JO-AjAnu)4492: الإسكافي، محمد بن عبدالله الخطيب, author 8702, كتاب مبادئ اللغة: مع شرح أبيات مبادئ اللغة للشيخ الإمام أبي عبد الله محمد بن عبد الله الخطيب الإسكافي المتوفي سنة 421 هجرية رحمه الله تعالى